World Capitals to Countries Quiz - Statistics

General Stats
  • This quiz has been taken 148 times
  • The average score is 141 of 196
Answer Stats
Capital City Country % Correct
Athens Greece
100%
Amsterdam Netherlands
100%
Berlin Germany
98%
Andorra la Vella Andorra
97%
Brussels Belgium
97%
Helsinki Finland
97%
Paris France
97%
Rome Italy
97%
Luxembourg Luxembourg
97%
Oslo Norway
97%
Moscow Russia
97%
Madrid Spain
97%
Bern Switzerland
97%
Kiev Ukraine
97%
London United Kingdom
97%
Copenhagen Denmark
95%
Dublin Ireland
95%
Monaco Monaco
95%
Lisbon Portugal
95%
San Marino San Marino
95%
Stockholm Sweden
95%
Prague Czech Republic
93%
Budapest Hungary
93%
Reykjavík Iceland
93%
Mexico City Mexico
93%
Panama City Panama
93%
Bangkok Thailand
93%
Washington D.C. United States
93%
Vatican City Vatican City
93%
Vienna Austria
92%
Ottawa Canada
92%
Beijing China
92%
Havana Cuba
92%
Guatemala City Guatemala
92%
Tokyo Japan
92%
Kuwait City Kuwait
92%
Warsaw Poland
92%
Bucharest Romania
92%
New Delhi India
90%
Jerusalem Israel
90%
Singapore Singapore
90%
Seoul South Korea
90%
Sofia Bulgaria
88%
Baghdad Iraq
88%
Kingston Jamaica
88%
Riga Latvia
88%
Belgrade Serbia
88%
Taipei Taiwan
88%
Kabul Afghanistan
87%
Brasília Brazil
87%
Zagreb Croatia
87%
Jakarta Indonesia
87%
Kuala Lumpur Malaysia
87%
Bratislava Slovakia
87%
Sri Jayawardenepura Kotte Sri Lanka
87%
Damascus Syria
87%
Tirana Albania
85%
Buenos Aires Argentina
85%
Canberra Australia
85%
Minsk Belarus
85%
Cairo Egypt
85%
Tehran Iran
85%
Pyongyang North Korea
85%
Lima Peru
85%
Manila Philippines
85%
Ljubljana Slovenia
85%
Ankara Turkey
85%
Hanoi Vietnam
85%
Sarajevo Bosnia and Herzegovina
83%
Bogotá Colombia
83%
Tallinn Estonia
83%
Beirut Lebanon
83%
Skopje North Macedonia
83%
Islamabad Pakistan
83%
Abu Dhabi United Arab Emirates
83%
Algiers Algeria
82%
San Salvador El Salvador
82%
Pristina Kosovo
82%
Vilnius Lithuania
82%
Valletta Malta
82%
Chișinău Moldova
82%
Kathmandu Nepal
82%
Wellington New Zealand
82%
Nassau Bahamas
80%
Phnom Penh Cambodia
80%
Santiago Chile
80%
Djibouti Djibouti
80%
Santo Domingo Dominican Republic
80%
Podgorica Montenegro
80%
Riyadh Saudi Arabia
80%
Port-au-Prince Haiti
78%
Vaduz Liechtenstein
78%
Pretoria / Cape Town / Bloemfontein South Africa
78%
La Paz / Sucre Bolivia
77%
Amman Jordan
77%
Montevideo Uruguay
77%
Caracas Venezuela
77%
Baku Azerbaijan
75%
Tbilisi Georgia
75%
Bissau Guinea-Bissau
75%
Nairobi Kenya
75%
Ulaanbaatar Mongolia
75%
Muscat Oman
75%
Asunción Paraguay
75%
São Tomé São Tomé and Príncipe
75%
Tunis Tunisia
75%
San José Costa Rica
73%
Quito Ecuador
73%
Managua Nicaragua
73%
Dhaka Bangladesh
72%
Addis Ababa Ethiopia
72%
Tegucigalpa Honduras
72%
Doha Qatar
72%
Paramaribo Suriname
72%
Nicosia Cyprus
70%
Georgetown Guyana
70%
Belmopan Belize
68%
Vientiane Laos
68%
Tripoli Libya
68%
Rabat Morocco
67%
Mogadishu Somalia
67%
Yerevan Armenia
65%
Thimphu Bhutan
65%
Dili East Timor
65%
Dakar Senegal
65%
Tashkent Uzbekistan
65%
Sana'a Yemen
65%
Bridgetown Barbados
63%
Bandar Seri Begawan Brunei
63%
Bishkek Kyrgyzstan
63%
Antananarivo Madagascar
63%
Malé Maldives
63%
Abuja Nigeria
63%
Port Moresby Papua New Guinea
63%
Kingstown Saint Vincent and the Grenadines
63%
Suva Fiji
62%
Khartoum Sudan
62%
Port-of-Spain Trinidad and Tobago
62%
Accra Ghana
60%
Naypyidaw Myanmar
58%
Windhoek Namibia
58%
Brazzaville Republic of the Congo
58%
Dushanbe Tajikistan
58%
Ashgabat Turkmenistan
58%
Saint John's Antigua and Barbuda
57%
Apia Samoa
57%
Manama Bahrain
55%
Nur-Sultan Kazakhstan
55%
Castries Saint Lucia
55%
Kampala Uganda
55%
Kinshasa Democratic Republic of the Congo
53%
Roseau Dominica
53%
Saint George's Grenada
53%
Yaren Nauru
53%
Basseterre Saint Kitts and Nevis
53%
Freetown Sierra Leone
53%
Honiara Solomon Islands
53%
Nukuʻalofa Tonga
53%
Harare Zimbabwe
53%
Luanda Angola
52%
Monrovia Liberia
52%
Majuro Marshall Islands
52%
Ngerulmud Palau
52%
Funafuti Tuvalu
52%
South Tarawa Kiribati
50%
Porto-Novo / Cotonou Benin
48%
Palikir Federated States of Micronesia
48%
Port Vila Vanuatu
48%
Ouagadougou Burkina Faso
47%
Yaoundé Cameroon
47%
N'Djamena Chad
47%
Victoria Seychelles
47%
Juba South Sudan
47%
Yamoussoukro Ivory Coast
43%
Nouakchott Mauritania
43%
Port Louis Mauritius
43%
Niamey Niger
43%
Kigali Rwanda
43%
Lomé Togo
43%
Conakry Guinea
42%
Bamako Mali
42%
Maputo Mozambique
42%
Dodoma Tanzania
42%
Mbabane Eswatini
38%
Lusaka Zambia
38%
Gaborone Botswana
37%
Praia Cape Verde
37%
Libreville Gabon
37%
Lilongwe Malawi
37%
Bangui Central African Republic
35%
Moroni Comoros
35%
Malabo Equatorial Guinea
35%
Banjul Gambia
35%
Maseru Lesotho
35%
Asmara Eritrea
33%
Gitega Burundi
30%
No matching quizzes found
Score Distribution
Percent of People with Each Score
Percentile by Number Answered
Your Score History
You have not taken this quiz